| 000 | 01230nam a2200337Ia 4500 | ||
|---|---|---|---|
| 001 | ebr10504531 | ||
| 003 | CaPaEBR | ||
| 006 | m u | ||
| 007 | cr cn||||||||| | ||
| 008 | 110824s2011 enka es 001 0 eng d | ||
| 010 | _z 2011291083 | ||
| 020 | _z1845119835 | ||
| 020 | _z1845119843 | ||
| 020 | _z9780857720115 | ||
| 020 | _z9781845119836 | ||
| 020 | _z9781845119843 | ||
| 040 |
_aCaPaEBR _cCaPaEBR |
||
| 035 | _a(OCoLC)759006997 | ||
| 050 | 1 | 4 |
_aTD388 _b.A45 2011eb |
| 100 | 1 |
_aAllan, J. A. _q(John Anthony) |
|
| 245 | 1 | 0 |
_aVirtual water _h[electronic resource] : _btackling the threat to our planet's most precious resource / _cTony Allan. |
| 260 |
_aLondon ; _aNew York : _bI. B. Tauris, _c2011. |
||
| 300 |
_axv, 368 p. : _bill. |
||
| 500 | _aIncludes index. | ||
| 533 |
_aElectronic reproduction. _bPalo Alto, Calif. : _cebrary, _d2011. _nAvailable via World Wide Web. _nAccess may be limited to ebrary affiliated libraries. |
||
| 650 | 0 | _aWater conservation. | |
| 650 | 0 | _aWater consumption. | |
| 655 | 7 |
_aElectronic books. _2local |
|
| 710 | 2 | _aebrary, Inc. | |
| 856 | 4 | 0 |
_uhttp://site.ebrary.com/lib/rucke/Doc?id=10504531 _zAn electronic book accessible through the World Wide Web; click to view |
| 999 |
_c114413 _d114413 |
||